El crimen fue en Granada

में बचाया:
ग्रंथसूची विवरण
मुख्य लेखक: Lara, José Gerardo Manrique de
स्वरूप: पुस्तक
भाषा:Undetermined
प्रकाशित: Madrid, España Asociación de Escritores y Artistas Españoles 1985
विषय:
टैग: टैग जोड़ें
कोई टैग नहीं, इस रिकॉर्ड को टैग करने वाले पहले व्यक्ति बनें!

MARC

LEADER 00000nam a2200000Ia 4500
008 170316s9999 xx 000 0 und d
040 |a cru BVZT 
090 |a 862 L-7c 
100 |a Lara, José Gerardo Manrique de 
245 |a El crimen fue en Granada 
260 |a Madrid, España 
260 |b Asociación de Escritores y Artistas Españoles 
260 |c 1985 
300 |a 85 páginas 
650 |a LITERATURA ESPAÑOLA 
999 |c 10089  |d 10089 
942 |c 15 D  |h 862 L-7c  |2 z